Turn around, look at me

Korporativní autor: Bee Gees
Jazyk: Angličtina
Vydáno: Rotkreuz : Selected Sound Carrier, p1994
Edice: Music reflexion
Témata:
Fyzický popis: 1 CD : AAD ; 12 cm + 1 list.
Zvukové nahrávky
Uloženo v:
LEADER 01438njm a2200433 a 4500
001 000289417
003 CZ BrMZK
005 79950101143423.0
008 950101s1994 xr f eng d
028 0 3 |a 1421.2022-2  |b Selected Sound Carrier 
040 |a BOA001  |b cze 
080 |a 784.4.03(086.7)  |2 MRF 
110 2 |a Bee Gees  |7 ko2002161838 
245 1 0 |a Turn around, look at me  |h [zvukový záznam] /  |c Bee Gees. 
246 3 3 |a <<The >>battle of the blue and the grey 
246 3 3 |a Claustrophobia 
246 3 3 |a Could it be I'm in love 
246 3 3 |a Everyday I have to cry 
246 3 3 |a I am the world 
246 3 3 |a I don't think it's funny 
246 3 3 |a I want home 
246 3 3 |a Mondays rain 
246 3 3 |a Spicks and specks 
246 3 3 |a Theme from "Jamie McPheeters" 
246 3 3 |a Three kisses of love 
246 3 3 |a Turn around, look at me 
260 |a Rotkreuz :  |b Selected Sound Carrier,  |c p1994 
300 |a 1 CD :  |b AAD ;  |c 12 cm +  |e 1 list. 
490 1 |a Music reflexion 
500 |a Nahr. neuv 
500 |a Durata neuv 
505 2 |a I am the world...[et al.] 
505 2 |a I don't think it's funny, Turn around, look at me 
653 0 |a big beat  |a populární hudba  |a populární písně 
830 0 |a Music reflexion 
910 |a BOA001  |b CD-0005.779 
964 |a Hudba populární  |x CD 
990 |a AV 
996 6 |b 261H005974  |c CD-0005.779  |l MZK  |r Sklad / do 24 hodin  |n 0  |p dar  |w 000289417  |u 000010  |a 1  |e BOA001  |j MZK50  |s P